Fenómenos de transporte en sistemas multifasicos /

Guardado en:
Autor Principal: Rotstein, Enrique.
Formato: Libro
Idioma:Spanish
Publicado: Bahía Blanca : PLAPIQUI, 1980.
Materias:
Etiquetas: Agregar Etiqueta
Sin Etiquetas, Sea el primero en etiquetar este registro!
LEADER 00619nam a22001695a 4500
001 EIQ.libpla002034
008 070330s1980####ag#a##########000#0#spa#d
005 20070705165206.0
245 1 0 |a Fenómenos de transporte en sistemas multifasicos /  |c Enrique Rotstein. 
260 |a Bahía Blanca :  |b PLAPIQUI,  |c 1980. 
300 |a 294 p. :  |b il. ;  |c 28 cm. 
500 |a Curso dictado por el Dr. Enrique Rotstein. 
100 1 |a Rotstein, Enrique. 
650 4 |a Procesos  |x Fenómenos de transporte. 
650 4 |a Processes  |x Phenomena of transport. 
040 |a AR-BbSID  |b spa  |c AR-BbSID 
859 |a AR-BbSID  |b BIB. PLAPIQUI  |h 660.284 23  |i R 747  |k R  |p 3011